Las normas internacionales de información financiera (NIIF) (Registro nro. 7797)

Detalles MARC
000 -LEADER
fixed length control field 01349 a2200241 4500
001 - CONTROL NUMBER
control field 62770
005 - DATE AND TIME OF LATEST TRANSACTION
control field 20260407155921.0
008 - FIXED-LENGTH DATA ELEMENTS--GENERAL INFORMATION
fixed length control field 260407a2004 arg spa d
003 - CONTROL NUMBER IDENTIFIER
control field AR-UNSa-BCEJYS
040 ## - CATALOGING SOURCE
Original cataloging agency AR-UNSa-BCEJYS
Language of cataloging spa
Transcribing agency AR-UNSa-BCEJYS
080 ## - UNIVERSAL DECIMAL CLASSIFICATION NUMBER
Universal Decimal Classification number 657:006.3
Common auxiliary subdivision Normas Internacionales de Información Financiera (NIIF)
020 ## - INTERNATIONAL STANDARD BOOK NUMBER
International Standard Book Number 978-84-9732-327-7
041 ## - LANGUAGE CODE
Language code of text/sound track or separate title spa
100 1# - MAIN ENTRY--PERSONAL NAME
Personal name Mallo, Carlos
245 10 - TITLE STATEMENT
Title Las normas internacionales de información financiera (NIIF)
Name of part/section of a work Normas internacionales de contabilidad
264 #1 - PRODUCTION, PUBLICATION, DISTRIBUTION, MANUFACTURE, AND COPYRIGHT NOTICE
Place of production, publication, distribution, manufacture Madrid :
Name of producer, publisher, distributor, manufacturer Thomson
Date of production, publication, distribution, manufacture, or copyright notice 2004
300 ## - PHYSICAL DESCRIPTION
Extent xv, 336 p.
Dimensions 24 cm.
505 ## - FORMATTED CONTENTS NOTE
Formatted contents note 1. Introducción - 2. Fuentes normativas, procedimientos y alcance de las normas - 3. El marco conceptual - 4. Los estados financieros. Su preparación y presentación - 5. Operaciones relacionadas con elementos patrimoniales activos, pasivos y con los resultados del ejercicio - 6. Información financiera derivada de situaciones especiales - 7. El tratamiento del impuesto sobre beneficios - 8. Otra información a revelar - 9. Los grupos de empresas. Combinaciones de negocios y consolidación de la información financiera -
590 ## - LOCAL NOTE (RLIN)
Local note niveau_biblio:m niveau_hierar:0
700 1# - ADDED ENTRY--PERSONAL NAME
Personal name Pulido, Antonio
856 41 - ELECTRONIC LOCATION AND ACCESS
Uniform Resource Identifier <a href="http://www.biblioeco.unsa.edu.ar/pmb/images/libros/L129365.jpg">http://www.biblioeco.unsa.edu.ar/pmb/images/libros/L129365.jpg</a>
Link text Imagen de portada
Electronic format type image/jpeg
942 ## - ADDED ENTRY ELEMENTS (KOHA)
Koha item type
Existencias
Withdrawn status Lost status Damaged status Not for loan Home library Current library Shelving location Date acquired Total checkouts Full call number Barcode Date last seen Price effective from Koha item type
        Biblioteca Prof. Eusebio Cleto del Rey Biblioteca Prof. Eusebio Cleto del Rey   07/04/2026   657:006.3 M255 L129365 07/04/2026 07/04/2026 Libro